Wo liegt was? #2 - Karten Quiz - Statistiken

Allgemein
  • Dieses Quiz wurde 102 mal gespielt
  • Das Durchschnittsergebnis liegt bei 6 aus 15
Antworten auf der Karte
Die Antworten werden auf der Karte rot bzw. grün angezeigt, abhängig davon wie oft sie richtig erraten wurden.
 
Antwortstatistiken
Antwort % Korrekt
Yosemite
74%
Serengeti
61%
De Loonse en Drunense Duinen
58%
Hohe Tauern
58%
Kruger
53%
Gobi Gurwan Saichan
48%
Doi Inthanon
42%
Banff
41%
Setonaikai
41%
Retezat
30%
Gran Paradiso
26%
Alpine
18%
Itatiaia
18%
Amboseli
15%
Henri Pittier
9%
Keine übereinstimmenden Quizze gefunden
Verteilung der Resultate
Anzahl Personen mit jedem Resultat
Perzentil nach korrekt beantworteten Fragen
Ihre Resultats-Entwicklung
Sie haben dieses Quiz noch nicht gespielt